[Event "Guimaraes Open 2019"]
[Site "Guimaraes"]
[Date "2019.08.30"]
[Round "4.20"]
[White "Jimenez Martinez, Jose Vicente"]
[Black "Silva, Tiago Alexandre Pinh"]
[Result "1-0"]
[WhiteElo "2264"]
[BlackElo "1833"]
[Annotator "RC"]
[PlyCount "141"]
[EventDate "2019.08.28"]
[EventType "swiss"]
[EventCountry "POR"]
[SourceTitle "playchess.com"]
[Source "ChessBase"]
[SourceQuality "1"]
[TimeControl "5400+30"]

1. d4 {[%emt 0:00:00]} Nf6 {[%emt 0:00:00]} 2. c4 {[%emt 0:00:00]} e6 {[%emt 0:00:00]} 3. Nc3 {[%emt 0:00:00]} d5 {[%emt 0:00:00]} 4. Nf3 {[%emt 0:00:00]} Be7 {[%emt 0:00:15]} 5. Bg5 {[%emt 0:00:00]} O-O {[%emt 0:00:06]} 6. e3 {[%emt 0:00:00]} b6 {[%emt 0:05:44]} 7. cxd5 {[%emt 0:00:41]} Nxd5 {[%emt 0:01:09]} 8. Bxe7 {[%emt 0:00:30]} Qxe7 {[%emt 0:00:27]} 9. Nxd5 {[%emt 0:01:58]} exd5 {[%emt 0:00:12]} 10. Rc1 {[%emt 0:00:20]} Bb7 {[%emt 0:00:58]} 11. Bd3 {[%emt 0:00:15]} g6 {[%emt 0:09:00]} 12. h4 {[%emt 0:00:43]} c5 {[%emt 0:08:07]} 13. b3 {[%emt 0:05:05]} Nc6 {[%emt 0:07:11]} 14. Be2 {[%emt 0:02:21]} cxd4 {[%emt 0:03:29]} 15. Nxd4 {[%emt 0:00:09]} Qb4+ {[%emt 0:00:35]} 16. Qd2 {[%emt 0:00:26]} Qxd2+ {[%emt 0:04:47]} 17. Kxd2 {[%emt 0:00:44]} Nxd4 {[%emt 0:00:06]} 18. exd4 {[%emt 0:00:03]} Rac8 {[%emt 0:00:44]} 19. Bg4 {[%emt 0:01:34]} f5 {[%emt 0:05:11]} 20. Bf3 {[%emt 0:00:42]} Kf7 {[%emt 0:09:02]} 21. Rhe1 {[%emt 0:00:58]} Rfd8 {[%emt 0:05:42]} 22. h5 {[%emt 0:02:25]} Rh8 {[%emt 0:04:05]} 23. Rh1 {[%emt 0:06:41]} g5 {[%emt 0:06:53]} 24. g3 {[%emt 0:00:55]} h6 {[%emt 0:04:36]} 25. Rhe1 {[%emt 0:00:14]} Kf6 {[%emt 0:03:07]} 26. Rxc8 {[%emt 0:01:09]} Rxc8 {[%emt 0:03:08]} 27. Re5 {[%emt 0:00:50]} Rd8 {[%emt 0:00:28]} 28. Bg2 {[%emt 0:00:13]} Ba8 {[%emt 0:03:18]} 29. Bh3 {[%emt 0:00:29]} g4 {[%emt 0:01:16]} 30. Bg2 {[%emt 0:00:09]} Bb7 {[%emt 0:02:00]} 31. Ke3 {[%emt 0:01:17]} Kg5 {[%emt 0:03:18]} 32. f4+ {[%emt 0:07:17]} Kf6 {[%emt 0:00:15]} 33. Bf1 {[%emt 0:01:07]} Bc8 {[%emt 0:01:52]} 34. Kd2 {[%emt 0:01:20]} Be6 {[%emt 0:01:01]} 35. a4 {[%emt 0:01:22]} a5 {[%emt 0:01:37]} 36. Bd3 {[%emt 0:00:48]} Rc8 {[%emt 0:00:55]} 37. Re1 {[%emt 0:00:04]} Rc7 {[%emt 0:04:36]} 38. Bb5 {[%emt 0:00:27]} Bf7 {[%emt 0:01:01]} 39. Rb1 {[%emt 0:00:12]} Bxh5 {[%emt 0:01:00]} 40. b4 {[%emt 0:01:37]} axb4 {[%emt 0:00:46]} 41. Rxb4 {[%emt 0:00:02]} Bf7 {[%emt 0:00:11]} 42. Bd3 {[%emt 0:00:23]} Rc6 {[%emt 0:00:56]} 43. Ba6 {[%emt 0:00:08]} Ke7 {[%emt 0:01:08]} 44. Rb1 {[%emt 0:00:45]} Re6 {[%emt 0:01:06]} 45. Bd3 {[%emt 0:03:38]} Kf6 {[%emt 0:00:20]} 46. Rc1 {[%emt 0:00:44]} Bg6 {[%emt 0:00:41]} 47. Rc8 {[%emt 0:00:39]} Re8 {[%emt 0:00:20]} 48. Rc7 {[%emt 0:01:31]} Re7 {[%emt 0:00:02]} 49. Rc1 {[%emt 0:00:17]} Re6 {[%emt 0:00:08]} 50. Bc2 {[%emt 0:03:08]} Rc6 {[%emt 0:00:49]} 51. Rb1 {[%emt 0:00:01]} Be8 {[%emt 0:00:39]} 52. Bb3 {[%emt 0:00:16]} Bf7 {[%emt 0:00:29]} 53. Re1 {[%emt 0:00:36]} Be6 {[%emt 0:00:19]} 54. Re5 {[%emt 0:00:26]} Rd6 {[%emt 0:00:46]} 55. Kc3 {[%emt 0:00:02]} Ke7 {[%emt 0:00:34]} 56. Kb4 {[%emt 0:00:27]} Kd7 {[%emt 0:00:09]} 57. Bc2 {[%emt 0:00:04]} Rc6 {[%emt 0:00:38]} 58. Kb3 {[%emt 0:03:58]} Rc4 {[%emt 0:00:36]} 59. Bd3 {[%emt 0:00:04]} Rxd4 {[%emt 0:00:30]} 60. Kc3 {[%emt 0:00:02]} Rxd3+ {[%emt 0:00:50]} 61. Kxd3 {[%emt 0:00:01]} Kd6 {[%emt 0:00:29]} 62. Kd4 {[%emt 0:00:14]} h5 {[%emt 0:00:35]} 63. Re1 {[%emt 0:00:04]} Bd7 {[%emt 0:00:33]} 64. Rb1 {[%emt 0:00:22]} Bxa4 {[%emt 0:00:33]} 65. Rxb6+ {[%emt 0:00:06]} Bc6 {[%emt 0:00:03]} 66. Ra6 {[%emt 0:00:15]} Kc7 {[%emt 0:01:07]} 67. Kc5 {[%emt 0:00:07]} Bd7 {[%emt 0:00:23]} 68. Rh6 {[%emt 0:00:06]} Be8 {[%emt 0:00:12]} 69. Rh7+ {[%emt 0:00:06]} Kd8 {[%emt 0:00:14]} 70. Kxd5 {[%emt 0:00:05]} Bg6 {[%emt 0:00:27]} 71. Rh6 {[%emt 0:00:11]} 1-0

[Event "Guimaraes Open 2019"]
[Site "Guimaraes"]
[Date "2019.08.30"]
[Round "4.21"]
[White "Machado, Carlos Antonio"]
[Black "Fidalgo, Andre Neves"]
[Result "0-1"]
[WhiteElo "1830"]
[BlackElo "2261"]
[Annotator "TA"]
[PlyCount "62"]
[EventDate "2019.08.28"]
[EventType "swiss"]
[EventCountry "POR"]
[SourceTitle "playchess.com"]
[Source "ChessBase"]
[SourceQuality "1"]

{[%evp 16,114,12,0,16,-6,0,-35,-18,-18,-18,-18,-14,-21,-21,-20,-18,-25,-20,-27,-24,-26,-43,-39,-25,-15,-22,-52,-44,-64,-6,-6,-5,-5,-5,-77,-85,-86,-75,-65,-63,-140,-140,-206,-217,-214,-209,-212,-145,-263,-263,-445,-166,-157,-161,-212,-216,-572,-307,-307,-307,-307,-307,-306,-306,-306,-305,-299,-298,-281,-276,-297,-233,-403,-403,-404,-400,-480,-383,-710,-696,-721,-715,-760,-689,-688,-681,-640,-629,-584,-552,-752,-644,-1439,-1428,-994,-929,-4952,-4952,-6225,-5965]} 1. e4 c5 2. Nf3 d6 3. d4 cxd4 4. Nxd4 Nf6 5. Nc3 a6 6. Be2 e5 7. Nf3 Be7 8. O-O h6 9. h3 Be6 {B92: Sicilian Najdorf: 6 Be2} 10. Be3 (10. Re1 Nbd7 11. Be3 Rc8 12. Nh2 Nb6 13. Ng4 Nfd7 14. Bxb6 Qxb6 15. Ne3 Qxb2 16. Ncd5 Bxd5 17. Rb1 {½-½ (69) Escalante Ramirez,B (2365)-Perez Ponsa,F (2540) Buenos Aires 2015}) 10... Nbd7 11. Kh1 $146 ({Predecessor:} 11. Qd2 O-O 12. Rfe1 Qc7 13. Rad1 Rac8 14. a3 Qc6 15. Qd3 Nc5 16. Bxc5 Qxc5 17. Nh2 Kh8 18. Ng4 Nd7 19. Ne3 Nb6 20. Rd2 {1-0 (54) Vedant,K (1447)-Jorgensen,O (1636) Ballerup 2018}) 11... Nb6 {Black is slightly better.} 12. Nd2 d5 {White must now prevent ...d4.} 13. Bxb6 Qxb6 14. exd5 Nxd5 15. Nc4 Qc5 {Hoping for ...Nxc3.} 16. Nxd5 $1 Bxd5 17. b4 Qc6 18. Nxe5 Bxg2+ {[%mdl 64] Double Attack} 19. Kg1 Qd5 20. Qxd5 Bxd5 $40 {[%mdl 128] Black mounts an attack.} 21. a3 Bf6 22. f4 Rc8 ({Better is} 22... Be6 $15) 23. Rad1 $11 Be6 24. f5 Ba2 (24... Bxe5 $6 25. fxe6 Rc7 26. exf7+ Rxf7 27. Rxf7 $16 (27. Bh5 g6 $14)) 25. Bh5 (25. Nd7 $11) 25... Bxe5 $17 26. Rfe1 O-O 27. Rxe5 Rxc2 28. Re7 ({White should try} 28. Re2 $15 Bb3 29. Re3) 28... Rc3 29. Kg2 {[#]} (29. Be2 $17 {keeps fighting.}) 29... b5 $1 $19 ({Don't do} 29... Rxa3 30. Rxb7 Rc8 31. Rd2 $17) 30. Ra1 Bd5+ 31. Kh2 {[#]} Bc4 {Played: g7-g6} 0-1

[Event "Guimaraes Open 2019"]
[Site "Guimaraes"]
[Date "2019.08.30"]
[Round "4.22"]
[White "Monteiro, Paulo Alexandre Gome"]
[Black "Lopez Quevedo, Eduardo"]
[Result "0-1"]
[WhiteElo "1818"]
[BlackElo "2188"]
[Annotator "TA"]
[PlyCount "34"]
[EventDate "2019.08.28"]
[EventType "swiss"]
[EventCountry "POR"]
[SourceTitle "playchess.com"]
[Source "ChessBase"]
[SourceQuality "1"]

{[%evp 19,134,1,36,-17,-15,-27,-31,-97,-96,-304,-291,-319,-314,-286,-70,-75,-45,-48,-29,-64,-8,-9,-9,-13,-20,-16,-11,-60,-40,-58,-23,-66,-59,-81,-56,-81,-81,-81,-81,-81,-81,-88,-89,-102,-81,-81,-81,-81,-81,-81,-81,-81,-81,-102,-88,-102,-81,-102,-102,-102,-102,-102,-102,-102,-102,-156,-159,-170,-181,-243,-182,-197,-197,-498,-497,-472,-472,-457,-457,-457,-419,-181,-184,-6079,-5350,-5186,-5117,-29986,-29984,-29990,-29969,-29976,-29973,-29985,-29986,-29989,-29990,-29991,-29984,-29984,-29968,-29964,-29960,-5117,0,0,-8,-8,-8,-5114,-5110,-29985,-29986,-29988,-29989,-29993,-29994]} 1. d4 Nf6 2. Nf3 e6 3. c4 c5 4. Nc3 cxd4 5. Nxd4 Nc6 6. e4 Bb4 7. Nxc6 bxc6 8. Bd3 e5 9. O-O O-O 10. Bd2 Be7 11. Ne2 $146 {B44: Sicilian: Taimanov: 5 Nb5} (11. Be3 $14) ({Predecessor:} 11. Be3 d6 12. f3 Be6 13. Qd2 Nh5 14. Rfd1 Nf4 15. Bf1 h6 16. Qf2 Qa5 17. a3 Rfd8 18. Rd2 c5 19. g3 g5 20. gxf4 exf4 21. Bxc5 dxc5 22. Rxd8+ Rxd8 {0-1 (56) Plessis,A (2069)-Kristensen,K (2348) Leiden 2017}) 11... d5 $11 12. cxd5 cxd5 13. exd5 (13. Ng3 $15) 13... Qxd5 $17 14. Bc3 $2 (14. Be3 $17 {was called for.}) 14... Bb7 $1 $19 {[%csl Gb7][%cal Rd5g2]} 15. f3 Rfd8 16. Nc1 {[#]} Bc5+ $2 (16... Ba6 $1 $19 {[%cal Ra6d3][%mdl 512]} 17. Bxa6 Qxd1 18. Rxd1 Rxd1+ 19. Kf2 Nd5 20. Bxe5 Bc5+ 21. Ke2 Rg1) 17. Kh1 $15 Bb6 {Played: Bb7-a6} 0-1

[Event "Guimaraes Open 2019"]
[Site "Guimaraes"]
[Date "2019.08.30"]
[Round "4.23"]
[White "Carbonell Sancho, Marc"]
[Black "Raro Gualda, Javier"]
[Result "1-0"]
[WhiteElo "2187"]
[BlackElo "1824"]
[Annotator "TA"]
[PlyCount "122"]
[EventDate "2019.08.28"]
[EventType "swiss"]
[EventCountry "POR"]
[SourceTitle "playchess.com"]
[Source "ChessBase"]
[SourceQuality "1"]

{[%evp 12,122,5,0,2,4,9,-17,19,25,34,0,14,8,0,-29,0,0,0,-15,0,-17,35,-49,-45,-66,-65,-78,-74,-129,-37,-46,-32,-77,-13,-69,-22,-70,-72,-175,-162,-231,-220,-203,-106,-89,-35,-14,0,-187,-132,-137,-143,-141,-139,-152,-31,-28,0,0,0,-20,-13,-18,-15,-34,0,0,0,0,43,0,0,0,0,0,0,0,0,0,0,0,314,314,443,442,437,406,1250,1237,1140,938,851,820,597,592,2048,2008,2016,1908,1831,1793,1777,1759,29975,29970,29983,29984,29984,29985,29985,29986,29984]} 1. e4 e5 2. Nf3 Nc6 3. Bc4 Bc5 4. b4 Bxb4 5. c3 Be7 6. d4 Na5 7. Bd3 exd4 {C51: Evans Gambit: Declined and Accepted without 5...Ba5} (7... d6 8. dxe5 dxe5 9. Nxe5 Nf6 10. O-O O-O 11. Nd2 Nd7 12. Nxd7 Qxd7 13. Qc2 Rd8 14. Be2 Qc6 15. f4 {0-1 (30) Antipov,M (2598)-Rodshtein,M (2678) Linares 2018}) 8. cxd4 d5 9. e5 Nh6 {The position is equal.} 10. Bxh6 gxh6 11. Qd2 $146 ({Predecessor:} 11. Nc3 Bg4 12. h3 Be6 13. Ne2 Qd7 14. O-O Nc4 15. Rb1 {1-0 (33) Garcia Castilla,M-Domenche Redondo,F (1952) ICCF email 2016}) 11... Nc6 12. Qxh6 Nb4 13. Qd2 (13. Qe3 {seems wilder.} Nxd3+ 14. Qxd3 c6 15. O-O Qd7 16. Kh1) 13... Nxd3+ 14. Qxd3 Qd7 15. Nc3 c6 16. O-O Qf5 (16... Qg4 $11) 17. Qxf5 (17. Qe3 $14) 17... Bxf5 $15 18. Na4 Rg8 19. Rfc1 Be4 $36 {[%mdl 2048] aiming for ...Bxf3. Keeping White busy.} 20. Rc3 {[#]} ({White should try} 20. Ne1) 20... Rg4 (20... b5 $1 $17 {[%cal Rb5a4]} 21. Nb2 b4) 21. h3 Rg6 22. g3 Kd7 (22... O-O-O $17) 23. a3 (23. Nc5+ $11 Bxc5 24. dxc5) 23... Rag8 24. Nd2 Bf5 $1 25. Kh2 (25. Rf3 $17 {was worth a try.} Bxh3 26. Rxf7) 25... Rh6 $19 26. Nb3 (26. Nc5+ $142 Kc8 27. a4) 26... Rxh3+ 27. Kg2 Rg6 (27... Rh6 $19 28. Nac5+ Kc7) 28. Nac5+ $17 Bxc5 (28... Kc8 $17 {Strongly threatening ...Rgh6.} 29. Rf3 Rh5) 29. Nxc5+ $15 Kc7 30. Kf3 $2 (30. Rf3 $11 Rh5 31. Rh1 Rxh1 32. Rxf5) 30... Rh2 ({Black should play} 30... Rg4 $19 31. Rb1 b6) 31. Nd3 $17 Be4+ 32. Ke3 Bxd3 $1 33. Rxd3 {[%mdl 4096] Endgame KRR-KRR} b5 (33... f6 $17 {...fxe5 is the strong threat.} 34. Rg1 fxe5 35. dxe5 Kd7) 34. Ke2 $15 Kb6 35. Rf3 Rg7 36. Rc1 Rh6 $1 37. Rf4 Re6 38. Ke3 f6 39. Rxf6 Rxf6 40. exf6 $11 {KR-KR} Rf7 41. Rh1 c5 42. dxc5+ Kxc5 43. Rh6 a5 44. g4 b4 45. axb4+ axb4 46. g5 {Threatens to win with Rxh7!} Kc4 $2 {[%mdl 8192]} (46... Kd6 $11) 47. Rh1 $18 Kc3 (47... d4+ $142 48. Kd2 (48. Ke4 b3 $11) 48... b3) 48. Rc1+ Kb2 49. Rd1 Rd7 (49... b3 $142 50. Rxd5 Kc2) 50. Kd4 Kc2 51. Ra1 b3 52. f4 b2 53. Ra2 Kc1 {[#]} 54. Rxb2 $3 {[%mdl 512]} Kxb2 {KR-K3P} 55. f5 Rf7 56. Kxd5 h5 57. Ke6 Ra7 58. g6 {White mates.} h4 59. f7 Ra6+ 60. Ke5 Ra5+ 61. Kf4 Ra4+ {Accuracy: White = 41%, Black = 34%.} 1-0

[Event "Guimaraes Open 2019"]
[Site "Guimaraes"]
[Date "2019.08.30"]
[Round "4.24"]
[White "Garcia Romero, Benjamin Abel"]
[Black "Guimaraes, Alvaro Jose"]
[Result "1-0"]
[WhiteElo "2164"]
[BlackElo "1796"]
[Annotator "TA"]
[PlyCount "67"]
[EventDate "2019.08.28"]
[EventType "swiss"]
[EventCountry "POR"]
[SourceTitle "playchess.com"]
[Source "ChessBase"]
[SourceQuality "1"]

{[%evp 9,73,33,46,50,48,47,58,63,49,27,36,19,96,100,123,115,128,102,129,87,120,110,137,138,147,144,218,207,209,196,293,296,277,291,375,259,251,237,272,243,306,294,336,336,368,272,276,227,334,309,327,305,308,302,291,189,656,606,29985,1666,1517,1464,29972,6470,5565,5564]} 1. Nf3 g6 2. c4 Bg7 3. Nc3 d6 4. d4 Bg4 5. e3 Nf6 6. h3 {E61: King's Indian: Early deviations for White, including Smyslov System} (6. Be2 O-O 7. O-O Nc6 8. d5 Nb8 9. h3 Bd7 10. e4 c6 11. Be3 Na6 12. Nd2 Rc8 13. Rc1 e6 14. dxe6 Bxe6 15. Nf3 Re8 {0-1 (38) Wang,H (2709)-Mamedyarov,S (2799) Huaian 2017}) 6... Bd7 7. Bd3 O-O 8. O-O {White is slightly better.} Nc6 9. d5 $146 ({Predecessor:} 9. e4 e5 10. d5 Nb4 11. Bb1 a5 12. a3 Na6 13. Bc2 {½-½ (47) Epishin,V (2551)-Ramiro Ovejero,J (2374) La Roda 2018}) 9... Nb4 10. Be2 c5 (10... e6 $11 {keeps the balance.}) 11. e4 Na6 12. Bf4 Nc7 13. e5 Nfe8 14. Bd3 a6 15. a4 b6 16. Re1 Rb8 17. Qe2 Qc8 (17... a5 $16 18. exd6 exd6) 18. exd6 $18 exd6 19. Ne4 Bf5 (19... a5 $142 20. Qd2 (20. Nxd6 Nxd6 21. Bxd6 Re8 $18) 20... Qd8 21. Nxd6 Nxd6) 20. Nxd6 Nxd6 21. Bxd6 {Hoping for Bxf5.} Re8 22. Qc2 Bxd3 23. Qxd3 Qd7 24. Be5 f6 25. Bf4 g5 26. Bg3 Rbd8 27. Bxc7 Qxc7 28. Qf5 Qf7 (28... Qc8 $142 29. Rxe8+ Rxe8 30. Qxc8 Rxc8) 29. b3 Bf8 30. Rxe8 Rxe8 31. Re1 {[%cal Ba1e1,Be1e4,Be4g4][%mdl 32]} Kg7 32. Re4 Bd6 $2 {[#]} (32... Rxe4 33. Qxe4 Qg6) 33. Nxg5 $1 {[%mdl 576] Double Attack, Pin} Qh5 {Strongly threatening ...Qd1+.} (33... fxg5 34. Qxg5+) 34. Qd7+ {Played: Ng5-e6} 1-0

[Event "Guimaraes Open 2019"]
[Site "Guimaraes"]
[Date "2019.08.30"]
[Round "4.25"]
[White "Furtado, Dinis Galvao"]
[Black "De Prado Rodriguez, Oscar Bruno"]
[Result "0-1"]
[WhiteElo "1775"]
[BlackElo "2155"]
[Annotator "TA"]
[PlyCount "110"]
[EventDate "2019.08.28"]
[EventType "swiss"]
[EventCountry "POR"]
[SourceTitle "playchess.com"]
[Source "ChessBase"]
[SourceQuality "1"]

{[%evp 9,110,4,6,-8,-8,-18,14,-15,-12,-14,-19,-25,-8,-25,30,-13,-5,-43,20,-37,143,175,370,38,75,50,57,49,18,9,27,16,84,81,68,0,50,33,33,-51,215,220,264,254,242,154,592,599,1085,585,550,249,269,129,362,375,397,395,398,379,422,409,389,247,189,131,130,-112,-123,-218,-164,-125,-133,-292,-246,-303,-284,-436,-241,-239,-241,-233,-157,-192,-158,-336,-346,-368,-360,-104,-405,-1277,-1241,-29994,-29995,-29995,-450,-29995,-339,-29984,-29985,-29996,-29987]} 1. e3 f5 2. b3 Nf6 3. Bb2 e6 (3... g6 4. Nc3 Bg7 5. h4 d6 6. Be2 Nc6 7. d4 Be6 8. h5 Bf7 9. h6 Bf8 10. d5 Ne5 11. Nf3 Nxf3+ 12. Bxf3 {1-0 (34) Delgado Ramirez,N (2611)-Rodi,L (2315) Brasilia 2016}) 4. f4 g6 5. Nf3 Bg7 6. Be2 {A01: Nimzowitsch-Larsen Opening} O-O 7. O-O a5 $146 ({Predecessor:} 7... d6 8. Na3 c6 9. c4 Na6 10. d4 Nc7 11. Nc2 Nce8 12. b4 {1-0 (43) Hrib,A (1688)-Trimbitaru,C (1432) Braila 2015}) 8. a4 {The position is equal.} d6 9. Na3 Qe7 10. Rb1 Nc6 11. Qe1 e5 (11... b6 $142) 12. Bc4+ Kh8 13. Qh4 Bd7 (13... e4 $15 14. Ng5 Nh5 15. Bxg7+ Kxg7 16. Ne6+ Bxe6 17. Qxe7+ Nxe7 18. Bxe6 Kf6) 14. Ng5 (14. Nb5 $11) 14... d5 $2 {[#]} (14... h6 $15 {keeps the upper hand.}) 15. Bxd5 $1 $16 {[%mdl 512]} exf4 $2 (15... Nh5 {might work better.} 16. Bxc6 Bxc6) (15... Nxd5 16. Qxh7#) 16. Rxf4 $2 (16. Bxc6 $1 $18 Bxc6 17. Nxh7 $1 {[%mdl 576] Pin} (17. Rxf4 Nh5 $11) (17. Qxf4 Ne4 $11)) 16... h6 {With the idea ...Nh5.} 17. Bxc6 Bxc6 18. Nh3 Kg8 19. Rff1 g5 20. Qc4+ Nd5 (20... Bd5 $1 $11 {remains equal.} 21. Bxf6 Qd7) 21. Bxg7 Kxg7 22. Qd4+ ({Better is} 22. Nb5 $14) 22... Kg8 23. Nc4 $36 {[%mdl 2048] White has good play.} Nb4 24. c3 (24. Ne5 $14) 24... Nc2 $2 {[%mdl 8192]} (24... Rad8 $1 $15 {stays ahead.} 25. Qe5 Qxe5 26. Nxe5 Rxd2) 25. Qe5 $18 Qd7 26. Qg3 ({Less strong is} 26. Nxa5 Rae8 $11) 26... Be4 27. Rbd1 Bd3 $2 (27... Bd5 $16 28. Nf4 Bxc4 29. bxc4 Ra6) 28. Ne5 Qd6 29. Nxd3 Qxd3 {[#]} 30. Qxc7 (30. Nxg5 $142 $1 {[%mdl 512] And now Ne6+ would win.} f4 (30... hxg5 31. Qxg5+) 31. Rxf4) 30... Rf7 31. Qc4 (31. Qc5 $18) 31... Qd7 $2 (31... Qxc4 $16 32. bxc4 Na3) 32. Qe2 Re8 33. Rc1 Na3 34. Ra1 Qd6 35. Ra2 f4 36. e4 {Threatens to win with Nf2.} Qb6+ 37. d4 (37. Nf2 $18 Qxb3 38. d3) 37... Qxb3 $16 38. Rxa3 $2 (38. Nf2 $16) 38... Qxa3 $17 39. Qc2 (39. Qc4 $17) 39... Rc8 40. e5 {aiming for Qg6+.} Kg7 ({Reject} 40... Qxc3 $6 41. Qg6+ Rg7 42. Qe6+ Kh7 43. Nf2 $11) 41. Nf2 $2 (41. Qe4 $17 {was necessary.}) 41... Qxc3 42. Qxc3 Rxc3 $19 {[%mdl 4096] Endgame KRR-KRN} 43. d5 (43. Ne4 {was called for.} Rc4 44. e6 Rxd4 45. Nd6 Rxd6 46. exf7) 43... Re3 (43... Rf5 $142 44. Ne4 Rd3) 44. Ng4 Rd3 45. d6 {Strongly threatening e6.} Rd7 46. Rb1 Kf7 47. Nf6 $2 {[#]} (47. Nxh6+ $17 Ke6 48. Ng4) 47... Rd8 $1 48. Rxb7+ Ke6 49. Re7+ Kf5 50. d7 (50. h3 $142 Rb8 51. Ng4) 50... Rb8 {( -> ...Rb1+)} 51. h3 Rb1+ 52. Kh2 Rb2 (52... Rdd1 $142 53. g4+ fxg3+ 54. Kxg3 Rd2 55. Ng4 Rb3+ 56. Ne3+ Rxe3#) 53. Re8 (53. Ne8 $19 f3 54. Rf7+ Kxe5 55. Rxf3 Rxd7 56. Nf6) 53... Rbd2 $2 (53... Rg3 {mates} 54. Kg1 Rgxg2+ 55. Kf1 Rgd2 56. Ke1 Rh2 57. d8=Q Rh1#) 54. Ne4 $2 (54. Ng4 $19) 54... Kxe4 55. e6 f3 {Accuracy: White = 21%, Black = 32%.} 0-1

[Event "Guimaraes Open 2019"]
[Site "Guimaraes"]
[Date "2019.08.30"]
[Round "4.26"]
[White "Prado Acebo, Ines"]
[Black "Andrade, Ricardo Sarmento"]
[Result "1/2-1/2"]
[WhiteElo "2142"]
[BlackElo "1756"]
[Annotator "TA"]
[PlyCount "113"]
[EventDate "2019.08.28"]
[EventType "swiss"]
[EventCountry "POR"]
[SourceTitle "playchess.com"]
[Source "ChessBase"]
[SourceQuality "1"]

{[%evp 14,113,12,15,31,0,0,-10,-1,-20,-22,-24,10,-25,19,-25,-20,-48,-13,-16,-8,-16,-10,-16,-10,-12,0,0,28,-1,0,-42,-20,-44,-10,-9,-7,-72,0,-8,30,-56,-47,-63,-11,-70,-12,-105,-103,-126,-89,-89,-89,-91,-27,-123,-101,-160,-40,-65,-28,-31,-31,-27,-24,-25,-25,-85,-69,-68,-67,-68,-77,-115,-99,-116,-86,-134,-134,-136,-29,-108,-108,-108,-108,-107,-108,-92,-85,-75,0,0,0,0,0,0,0,0,0,0,0,0]} 1. d4 Nf6 2. c4 e6 3. Nc3 Bb4 4. Qc2 O-O 5. Nf3 c5 6. dxc5 Na6 7. g3 Nxc5 8. Bg2 Nfe4 {E39: Nimzo-Indian: Classical: 4...c5 5 dxc5 0-0} (8... Nce4 9. O-O Bxc3 10. bxc3 Qc7 11. Nd4 d5 12. cxd5 exd5 13. Bf4 Qc5 14. Rac1 Bd7 15. Qb3 b6 16. Qb4 Rfc8 17. Nb3 {½-½ (75) Dreev,A (2649)-Iturrizaga Bonelli,E (2636) Bastia 2018}) 9. O-O (9. Bd2 $5 {[%cal Rc3e4]} Bxc3 10. Bxc3 $11) 9... Bxc3 10. bxc3 b6 11. Rd1 $146 ({Predecessor:} 11. Ng5 d5 12. Nxe4 dxe4 13. Bxe4 Nxe4 14. Qxe4 Ba6 15. Ba3 Re8 16. Rfd1 {½-½ (30) Soffer,R (2488)-Givon,A (2471) Tiberias 2016}) 11... Bb7 12. Be3 Qe7 13. Ne5 Rad8 14. f3 (14. Bxc5 $5 Nxc5 15. Bxb7 $11) 14... Nf6 15. Rab1 d5 16. cxd5 Nxd5 17. Bd4 f6 18. Nd3 Nxd3 19. exd3 e5 20. Bf2 Qc7 21. Rdc1 Ne7 22. Qb3+ Kh8 23. c4 Qd7 $36 {[%mdl 2048] Black has the initiative.} 24. c5 Bd5 25. Qa3 (25. Qb2 $11) 25... bxc5 ({Better is} 25... b5 $1 $17) 26. Bxc5 $11 Rf7 27. Kh1 (27. Qxa7 $11 Qxa7 28. Bxa7) 27... Nf5 $15 28. Qb2 Nd4 (28... h5 $15) 29. Qf2 (29. Bxd4 $11 exd4 30. Re1) 29... Qa4 (29... Ne6 $15) 30. a3 (30. Bxd4 $11 exd4 31. f4 Qxa2 32. Qxa2 Bxa2 33. Ra1) 30... Nb3 $17 31. Rd1 Nxc5 32. Qxc5 Rfd7 33. Rd2 Qc6 (33... h6 $17 34. Kg1 Be6) 34. Qf2 (34. Qxc6 $1 $11 Bxc6 35. f4 Bxg2+ 36. Kxg2) 34... Qa6 35. Qc5 (35. d4 $142) 35... Qd6 (35... Rc8 $17 36. Qf2 Qxa3) 36. d4 {[#]} Bxf3 $1 {[%mdl 512] Strongly threatening ...Qxc5.} 37. Qxd6 (37. Bxf3 Qxc5) 37... Bxg2+ 38. Rxg2 {Threatening mate with Qxd7.} Rxd6 39. dxe5 fxe5 $15 {[%mdl 4096] Endgame KRR-KRR} 40. Re2 (40. Rb7 $11) 40... Rd1+ $17 41. Rxd1 Rxd1+ $15 {KR-KR} 42. Kg2 Rd5 43. Kf3 Ra5 $1 44. Re3 Kg8 45. Ke4 Kf7 46. Kf5 h6 ({Black should try} 46... g6+ $17 47. Kg5 Kg7) 47. Rc3 (47. Rxe5 $11 {remains equal.} g6+ 48. Kf4 Rxa3 49. Rc5) 47... g6+ $1 $17 48. Ke4 {[#]} Kf6 $1 49. Rc6+ {[#]} Kg5 $1 50. Rc3 Kg4 51. Rc6 Kh3 ({Black should play} 51... Kh5 $17) 52. Rxg6 $11 {The position is equal.} Kxh2 53. g4 Kg3 54. Rxh6 {And now g5 would win.} Kxg4 55. Rg6+ Kh3 56. Rg7 Rxa3 57. Kxe5 {Accuracy: White = 34%, Black = 41%.} 1/2-1/2